Chaka Khan: Complete Discography - Statistics

General Stats
  • This quiz has been taken 7 times
    6 since last reset
  • The average score is 84 of 164
Answer Stats
Album Song % Correct
I Feel For You Chinatown
100%
I Feel For You I Feel For You
100%
CK I'll Be Around
100%
CK Signed, Sealed, Delivered (I'm Yours)
100%
The Woman I Am Telephone
100%
The Woman I Am The Woman I Am
100%
I Feel For You Through The Fire
100%
Duets / Collaborations All Good?
50%
Naughty All Night's All Right
50%
Echoes of an Era All Of Me
50%
What Cha' Gonna Do For Me And The Melody Still Lingers On (Night In Tunisia)
50%
Funk This Angel
50%
What Cha' Gonna Do For Me Any Old Sunday
50%
Chaka A Woman In A Man's World
50%
CK Baby Me
50%
Funk This Back In The Day
50%
Chaka Khan Be Bop Medley
50%
The Woman I Am Be My Eyes
50%
Chaka Khan Best In The West
50%
ClassiKhan Best Is Yet To Come
50%
Come 2 My House Betcha I
50%
Soundtracks Can't Stop The Street
50%
Funk This Castles Made Of Sand
50%
I Feel For You Caught In The Act
50%
Naughty Clouds
50%
Destiny Coltrane Dreams
50%
Come 2 My House Come 2 My House
50%
Duets / Collaborations Come On
50%
ClassiKhan Crazy
50%
Come 2 My House Democrazy
50%
ClassiKhan Diamonds Are Forever
50%
Funk This Disrespectful
50%
Hello Happiness Don't Cha Know
50%
The Woman I Am Don't Look At Me That Way
50%
Come 2 My House Don't Talk 2 Strangers
50%
Destiny Earth To Mickey
50%
CK Eternity
50%
The Woman I Am Everything Changes
50%
I Feel For You Eye To Eye
50%
The Woman I Am Facts Of Love
50%
What Cha' Gonna Do For Me Fate
50%
What Cha' Gonna Do For Me Father He Said
50%
Duets / Collaborations Feels Like Heaven
50%
Funk This Foolish Fool
50%
Naughty Get Ready, Get Set
50%
Duets / Collaborations Give And Let Live
50%
The Woman I Am Give Me All
50%
ClassiKhan Goldfinger
50%
Chaka Khan Got To Be There
50%
Funk This Hail To The Wrong
50%
Come 2 My House Hair
50%
ClassiKhan Hazel's Hips
50%
What Cha' Gonna Do For Me Heed The Warning
50%
Hello Happiness Hello Happiness
50%
ClassiKhan Hey Big Spender
50%
Duets / Collaborations Higher Love
50%
Echoes of an Era High Wire - The Aerialist
50%
I Feel For You Hold Her
50%
ClassiKhan I Believe
50%
Destiny I Can't Be Loved
50%
Echoes of an Era I Hear Music
50%
What Cha' Gonna Do For Me I Know You, I Live You
50%
Duets / Collaborations I'll Be Good To You
50%
Come 2 My House I'll Never B Another Fool
50%
Echoes of an Era I Loves You Porgy
50%
Echoes of an Era I Mean You
50%
Chaka I'm Every Woman
50%
ClassiKhan I'm In The Mood For Love
50%
Features Immortal Queen
50%
Come 2 My House I Remember U
50%
Hello Happiness Isn't That Enough
50%
ClassiKhan Is That All There Is?
50%
CK It's My Party
50%
Singles It's Not Over
50%
Destiny It's You
50%
The Woman I Am I Want
50%
Chaka I Was Made To Love Him
50%
Come 2 My House Journey 2 The Center Of Your Heart
50%
The Woman I Am Keep Givin' Me Lovin'
50%
Funk This Ladies' Man
50%
Hello Happiness Ladylike
50%
I Feel For You La Flamme
50%
Funk This (Bonus) Let Go
50%
Hello Happiness Like A Lady
50%
Hello Happiness Like Sugar
50%
Chaka Love Has Fallen On Me
50%
Soundtracks Love Me Still
50%
Destiny Love Of A Lifetime
50%
The Woman I Am Love With No Strings
50%
The Woman I Am Love You All My Lifetime
50%
CK Make It Last
50%
Soundtracks Missing You
50%
Naughty Move Me No Mountain
50%
Destiny My Destiny
50%
Soundtracks My Funny Valentine
50%
I Feel For You My Love Is Alive
50%
Epiphany: Best of Vol. 1 Never Miss The Water
50%
What Cha' Gonna Do For Me Night Moods
50%
Naughty Nothing's Gonna Take You Away
50%
Funk This (Bonus) Once You Get Started
50%
Funk This One For All Time
50%
Naughty Our Love's In Danger
50%
Soundtracks Own The Night
50%
Funk This Pack'd My Bags / You Got The Love
50%
Naughty Papillon / Hot Butterfly
50%
Chaka Khan Pass It On (A Sure Thing)
50%
Come 2 My House Pop My Clutch
50%
Come 2 My House Reconsider (U Betta)
50%
Chaka Roll Me Through The Rushes
50%
ClassiKhan 'Round Midnight
50%
Duets / Collaborations Say A Prayer
50%
Funk This (Bonus) Shining Star
50%
Funk This Sign 'O' The Times
50%
Chaka Sleep On It
50%
Chaka Khan Slow Dancin'
50%
Destiny So Close
50%
Chaka Some Love
50%
Naughty So Naughty
50%
Chaka Khan So Not To Worry
50%
Duets / Collaborations Soul Survivor
50%
CK Soul Talkin'
50%
Come 2 My House Spoon
50%
Echoes of an Era Spring Can Really Hang You Up The Most
50%
CK Sticky Wicked
50%
ClassiKhan Stormy Weather
50%
I Feel For You Stronger Than Before
50%
Duets / Collaborations Stuff Like That
50%
Funk This Super Life
50%
Echoes of an Era Take The "A" Train
50%
ClassiKhan Teach Me Tonight
50%
Chaka Khan Tearin' It Up
50%
Features Tekken 2
50%
Come 2 My House The Drama
50%
CK The End Of A Love Affair
50%
Duets / Collaborations The Essence
50%
Duets / Collaborations The Longer We Make Love
50%
Chaka The Message In The Middle Of The Bottom
50%
Echoes of an Era Them There Eyes
50%
Destiny The Other Side Of The World
50%
Duets / Collaborations The Places You Find Love
50%
Come 2 My House This Crazy Life Of Mine
50%
I Feel For You This Is My Night
50%
The Woman I Am This Time
50%
Destiny Tight Fit
50%
Hello Happiness Too Hot
50%
Naughty Too Much Love
50%
ClassiKhan To Sir With Love
50%
Chaka Khan Twisted
50%
Destiny Watching The World
50%
Duets / Collaborations Watch What You Say
50%
What Cha' Gonna Do For Me We Can Work It Out
50%
What Cha' Gonna Do For Me We Got Eachother
50%
Chaka We Got The Love
50%
What Cha' Gonna Do For Me What Cha' Gonna Do For Me
50%
Naughty What You Did
50%
CK Where Are You Tonite
50%
Destiny Who's It Gonna Be
50%
Funk This Will You Love Me?
50%
Singles Woman Like Me
50%
Funk This You Belong To Me
50%
The Woman I Am You Can Make The Story Right
50%
Singles Alive
0%
Singles I Put A Spell On You
0%
Chaka Life Is A Dance
0%
No matching quizzes found
Score Distribution
Percent of People with Each Score
Percentile by Number Answered
Your Score History
You have not taken this quiz since the last reset